Fundamentos de contabilidad superior (Registro nro. 4802)

Detalles MARC
000 -LEADER
fixed length control field 02470 a2200397 4500
001 - CONTROL NUMBER
control field 49331
005 - DATE AND TIME OF LATEST TRANSACTION
control field 20260407155756.0
008 - FIXED-LENGTH DATA ELEMENTS--GENERAL INFORMATION
fixed length control field 260407a2017 arg spa d
003 - CONTROL NUMBER IDENTIFIER
control field AR-UNSa-BCEJYS
040 ## - CATALOGING SOURCE
Original cataloging agency AR-UNSa-BCEJYS
Language of cataloging spa
Transcribing agency AR-UNSa-BCEJYS
080 ## - UNIVERSAL DECIMAL CLASSIFICATION NUMBER
Universal Decimal Classification number 657
Common auxiliary subdivision Contabilidad
020 ## - INTERNATIONAL STANDARD BOOK NUMBER
International Standard Book Number 978-987-716-064-2
041 ## - LANGUAGE CODE
Language code of text/sound track or separate title spa
100 1# - MAIN ENTRY--PERSONAL NAME
Personal name Scavone, Graciela María
245 10 - TITLE STATEMENT
Title Fundamentos de contabilidad superior
Name of part/section of a work NIIF-IFRS
264 #1 - PRODUCTION, PUBLICATION, DISTRIBUTION, MANUFACTURE, AND COPYRIGHT NOTICE
Place of production, publication, distribution, manufacture Buenos Aires :
Name of producer, publisher, distributor, manufacturer Osmar D. Buyatti
Date of production, publication, distribution, manufacture, or copyright notice 2017
300 ## - PHYSICAL DESCRIPTION
Extent 820 p.
Dimensions 23 cm.
505 ## - FORMATTED CONTENTS NOTE
Formatted contents note Sección I: Marco conceptual de la contabilidad: 1. Historia del pensamiento de la contabilidad - 2. Contabilidad: tecnología o técnica. Su status epistemológico - 3. La contabilidad como fuente de información. El lenguaje contable - - Sección II: Reconocimiento, medición y exposición de estados financieros: 4. Componentes del patrimonio neto. Capital accionario y financiación propia - 5. Inversiones permanentes. Conjuntos económicos - 6. Activos intangibles - 7. Existencias - 8. Cuentas por cobrar comerciales. Reconocimiento, medición y análisis de deterioro - 9. Estado de situación patrimonial, estados de resultados, estado de evolución del patrimonio, estados consolidados - - Sección III: Estudio de Casos: 10. Ramas de actividades y su enfoque contable - Contabilidad agropecuaria - Contabilidad de los contratos de construcción - 11. Análisis de estados financieros - 12. La información financiera en contextos inflacionarios - 13. Prácticas contables para instrumentos financieros - - Sección IV: Certificación de calidad: 14. La influencia de la ética y los códigos de conducta empresarial - 15. Buenas prácticas de gobierno - 16. Gobernanza empresarial para las pyme.
590 ## - LOCAL NOTE (RLIN)
Local note niveau_biblio:m niveau_hierar:0
700 1# - ADDED ENTRY--PERSONAL NAME
Personal name Viegas, Juan Carlos
700 1# - ADDED ENTRY--PERSONAL NAME
Personal name Barbei, Alejandro A.
700 1# - ADDED ENTRY--PERSONAL NAME
Personal name Mejía Soto, Eutimio
700 1# - ADDED ENTRY--PERSONAL NAME
Personal name Rodríguez Paredes, Mercedes
700 1# - ADDED ENTRY--PERSONAL NAME
Personal name Torres, Carlos
700 1# - ADDED ENTRY--PERSONAL NAME
Personal name Chiquiar, Walter René
700 1# - ADDED ENTRY--PERSONAL NAME
Personal name Patiño, Ruth Alejandra
700 1# - ADDED ENTRY--PERSONAL NAME
Personal name Vera Colina, Mary A.
700 1# - ADDED ENTRY--PERSONAL NAME
Personal name Pignatta González, Alfredo
700 1# - ADDED ENTRY--PERSONAL NAME
Personal name Pérez, Jorge Orlando
700 1# - ADDED ENTRY--PERSONAL NAME
Personal name García, Sergio O.
700 1# - ADDED ENTRY--PERSONAL NAME
Personal name Delfor Muñoz, Gustavo
700 1# - ADDED ENTRY--PERSONAL NAME
Personal name Changmarín Reyes, Carlos Antonio
700 1# - ADDED ENTRY--PERSONAL NAME
Personal name Mora, Cayetano Angel Víctor
856 41 - ELECTRONIC LOCATION AND ACCESS
Uniform Resource Identifier <a href="https://www.biblioeco.unsa.edu.ar/pmb/images/libros/L127977.jpg">https://www.biblioeco.unsa.edu.ar/pmb/images/libros/L127977.jpg</a>
Link text Imagen de portada
Electronic format type image/jpeg
942 ## - ADDED ENTRY ELEMENTS (KOHA)
Koha item type
Existencias
Withdrawn status Lost status Damaged status Not for loan Home library Current library Shelving location Date acquired Total checkouts Full call number Barcode Date last seen Price effective from Koha item type
        Biblioteca Prof. Eusebio Cleto del Rey Biblioteca Prof. Eusebio Cleto del Rey   07/04/2026   657 S288 L127977 07/04/2026 07/04/2026 Libro
        Biblioteca Prof. Eusebio Cleto del Rey Biblioteca Prof. Eusebio Cleto del Rey   07/04/2026   657 S288 L127978 07/04/2026 07/04/2026 Libro
        Biblioteca Prof. Eusebio Cleto del Rey Biblioteca Prof. Eusebio Cleto del Rey   07/04/2026   657 S288 L127979 07/04/2026 07/04/2026 Libro
        Biblioteca Prof. Eusebio Cleto del Rey Biblioteca Prof. Eusebio Cleto del Rey   07/04/2026   657 S288 L127980 07/04/2026 07/04/2026 Libro
        Biblioteca Prof. Eusebio Cleto del Rey Biblioteca Prof. Eusebio Cleto del Rey   07/04/2026   657 S288 L127981 07/04/2026 07/04/2026 Libro